Normal view MARC view

Entry Personal Name

Number of records used in: 1

001 - CONTROL NUMBER

  • control field: 13435

003 - CONTROL NUMBER IDENTIFIER

  • control field: OSt

005 - DATE AND TIME OF LATEST TRANSACTION

  • control field: 20191118164821.0

008 - FIXED-LENGTH DATA ELEMENTS

  • fixed length control field: 191118|| aca||aabn | a|a d

040 ## - CATALOGING SOURCE

  • Original cataloging agency: OSt
  • Transcribing agency: OSt

100 ## - HEADING--PERSONAL NAME

  • Personal name: Orissa. Food Supplies and Consumer Welfare Department

670 ## - SOURCE DATA FOUND

  • Source citation: Work cat.: (OSt): Food supplies at a glance, 2017-18, 2018

Powered by Koha